000
00311nam a2200145Ia 4500
008
230312s9999||||xx |||||||||||||| ||und||
020
_a
1-61364-508-6
082
_a
700.094
_b
REM-O
100
_a
Remains
245
0
_a
Oubliette
260
_a
UK
_c
2011
300
_a
72
650
_a
Architecture
942
_c
BK
999
_c
12048
_d
12048